| 000 | 02173nam a22003737a 4500 | ||
|---|---|---|---|
| 005 | 20260314063813.0 | ||
| 008 | 141204b1987 ve ||||| |||| 00| 0 spa d | ||
| 020 | 0 | _a9806110080 | |
| 040 | _aAR-MoUNM | ||
| 082 | 0 |
_220 _a306.098 _bDIS 611 |
|
| 245 | 0 | 0 |
_aDiseños para el cambio : _bmodelos socioculturales / _ccoordinador, Martner ; Brunner ; Faletto... [et al.] |
| 260 |
_aCaracas : _bNueva Sociedad : _bUNITAR/PROFAL, _c1987. |
||
| 300 |
_a309 p. : _btablas, gráf. ; _c20 cm. |
||
| 504 | _aIncluye referencias bibliográficas. | ||
| 505 | 0 | _tPrimera parte. Los modelos socioculturales del desarrollo latinoamericano. | |
| 505 | 0 |
_tSociedades dependientes y crisis en América Latina : los desafíos de la transformación político-social / _rGermán Rama ; Enzo Faletto. _gp. 17-48. |
|
| 505 | 0 |
_tCultura y prospectiva : el imaginario de futuro en la literatura latinoamericana / _rAna Pizarro. _gp. 49-71. |
|
| 505 | 0 |
_tLos debates sobre la modernidad y el futuro de América Latina / _rJosé Joaquín Brunner. _gp. 73-115. |
|
| 505 | 0 |
_tCrisis económica, educación y futuro en América Latina / _rJuan Carlos Tedesco. _gp. 117-132. |
|
| 505 | 0 |
_tLa juventud latinoamericana : presente y futuro / _rJavier Martínez. _gp. 133-158. |
|
| 505 | 0 | _tSegunda parte. Estrategias alternativas para el desarrollo de América Latina. | |
| 505 | 0 |
_tHacia nuevos modelos de desarrollo latinoamericano para enfrentar los desafíos del año 2000 / _rPedro Vuskovic. _gp. 169-209. |
|
| 505 | 0 |
_tLa industrialización latinoamericana hacia un futuro lejano / _rErnesto Ottone. _gp. 235-257. |
|
| 505 | 0 |
_tEl desarrollo en función de la paz : ¿un modelo alternativo? / _rJosé Agustín Silva Michelena. _gp. 259-287. |
|
| 505 | 0 |
_tSeguridad regional en Sudamérica. Escenarios prospectivos / _rCarlos Portales. _gp. 289-308. |
|
| 650 | 7 |
_2unescot _91489 _aESTRUCTURA SOCIAL |
|
| 650 | 7 |
_2mpirdes _92299 _aCONDICIONES SOCIALES |
|
| 650 | 7 |
_2mpirdes _91477 _aCONDICIONES ECONOMICAS |
|
| 650 | 7 |
_2unescot _aPOLITICA SOCIAL _9113 |
|
| 650 | 7 |
_2unescot _9371 _aPOLITICA ECONOMICA |
|
| 651 | 7 |
_2unescot _aAMERICA LATINA _91049 |
|
| 700 | 1 |
_97713 _aMartner, Gonzalo. _ecoord. |
|
| 942 | _cLIBRO | ||
| 999 |
_c4265 _d4265 |
||